000 00297nam a2200121Ia 4500
008 190216s9999||||xx |||||||||||||| ||und||
100 _aVaikam Muhammed Basheer
245 0 _aPathummayude Adu
260 _bPoorna Pubs Kozhikode
_c1987
300 _a134p
650 _aMalayalam Novel
942 _cBK
999 _c25644
_d25644